| 000 | 02170cam a2200517Ii 4500 | ||
|---|---|---|---|
| 001 | sjds903827 | ||
| 003 | sjds | ||
| 005 | 20180406213235.0 | ||
| 008 | 120228t20112011txua j 000 1 eng d | ||
| 010 | _a 2011025924 | ||
| 020 |
_a1558857095 _q(paperback) |
||
| 020 |
_a9781558857094 _q(paperback) |
||
| 035 | _a(OCoLC)793916458 | ||
| 035 | _a(OCoLC)ocn793916458 | ||
| 035 | _a898825 | ||
| 040 |
_aBPLCP _beng _cBPLCP _dOCLCQ _dPLS _dIFA |
||
| 041 | 1 |
_aeng _aspa _heng |
|
| 049 | _aIFAA | ||
| 099 | _f2011 | ||
| 100 | 1 | _aSaldaña, René. | |
| 240 | 1 | 0 |
_aLemon tree caper. _lEnglish & Spanish |
| 245 | 1 | 3 |
_aLa Intriga del limonero _b: colección Mickey Rangel, detective privado = The lemon tree caper :a Mickey Rangel mystery / _cby/por Rene Saldana, Jr. ; Spanish translation by / traducción al español de Natalia Rosales-Yeomans. |
| 246 | 3 | 0 | _a lemon tree caper |
| 260 |
_aHouston, TX : _bPinata Books, _c[2011] |
||
| 264 | 1 |
_aHouston, TX : _bPinata Books, _c[2011] |
|
| 264 | 4 | _cc2011 | |
| 300 |
_a44, 45 pages : _billustrations ; _c22 cm |
||
| 336 |
_atext _btxt _2rdacontent |
||
| 337 |
_aunmediated _bn _2rdamedia |
||
| 338 |
_avolume _bnc _2rdacarrier |
||
| 500 | _aTitles from separate title pages; works issued back-to-back and inverted. | ||
| 520 | _aWhen his scary neighbor finds all the lemons from her prize-winning lemon tree missing, Mickey Rangel investigates. | ||
| 520 | _aMickey Rangel investiga el caso de los limones premiados de su vecino malhumorado están perdidos. | ||
| 521 | 1 |
_a008-012. _bBTSB. |
|
| 650 | 0 |
_aLemon _vJuvenile fiction. |
|
| 650 | 7 |
_aLimón _vNovela juvenil. _2bidex |
|
| 650 | 0 |
_aLost articles _vJuvenile fiction. |
|
| 650 | 7 |
_aObjetos perdidos _vNovela juvenil. _2bidex |
|
| 650 | 0 |
_aDetective and mystery stories _vJuvenile literature. |
|
| 650 | 7 |
_aNovela policíaca _vLiteratura juvenil. _2bidex |
|
| 650 | 0 |
_aSpanish language materials _vBilingual _vJuvenile fiction. |
|
| 650 | 7 |
_aMateriales bilingües en español _vNovela juvenil. _2bidex |
|
| 650 | 0 |
_aUpside-down books _vSpecimens _vJuvenile literature. |
|
| 650 | 7 |
_aLibros al revés _vEspecímenes _vLiteratura juvenil. _2local |
|
| 942 | _cBK | ||
| 999 |
_c16280 _d16280 |
||